Nástroje riešenia informačnej bezpečnosti
Informačná bezpečnosť. Manažment identít. Charakteristika identity a identifikácie. Manažment prístupu, jeho cieľ a charakteristika. Manažment dostupnosti, jeho charakteristika. Manažment konfigurácií, jeho charakteristika a dôležité prvky riadenia. Monitoring a záznam činností. Manažment incidentov...
Enregistré dans:
| Auteur principal: | |
|---|---|
| Format: | Chapitre de livre |
| Langue: | slovaque |
| Sujets: | |
| Tags: |
Pas de tags, Soyez le premier à ajouter un tag!
|
MARC
| LEADER | 00000nla$a2200000$$$4500 | ||
|---|---|---|---|
| 001 | 0082901 | ||
| 005 | 20240502071931.0 | ||
| 041 | 0 | |a slo | |
| 044 | |a SK | ||
| 245 | 1 | 0 | |a Nástroje riešenia informačnej bezpečnosti |c Daniel Kastl |
| 520 | |a Informačná bezpečnosť. Manažment identít. Charakteristika identity a identifikácie. Manažment prístupu, jeho cieľ a charakteristika. Manažment dostupnosti, jeho charakteristika. Manažment konfigurácií, jeho charakteristika a dôležité prvky riadenia. Monitoring a záznam činností. Manažment incidentov. | ||
| 610 | 2 | 0 | |a technológie informačné |
| 610 | 2 | 0 | |a systémy informačné |
| 610 | 2 | 0 | |a manažment |
| 610 | 2 | 0 | |a bezpečnosť informačná |
| 610 | 2 | 0 | |a identifikácia |
| 100 | 1 | |a Kastl, Daniel | |